Southville International School and Colleges
Your cart is empty.
  • Cart
  • Lists
    Public lists Eva Luna New books Lux_list list_1
    Your lists Log in to create your own lists
  • Log in to your account
  • Your cookies
  • Search history
Southville International School and Colleges
  • Advanced search
  • Recent comments
  • Most popular
  • Libraries

Log in to your account

Log in with GOOGLE


If you do not have an external account, but do have a local account, you can still log in:

  1. Home
  2. MARC view: Marketing a simplified approach :
Normal view MARC view ISBD view

Marketing a simplified approach : (Record no. 17930)

[ view plain ]
MARC details
000 -LEADER
fixed length control field 00697nam a22002657a 4500
003 - CONTROL NUMBER IDENTIFIER
control field OSt
005 - DATE AND TIME OF LATEST TRANSACTION
control field 20140310182952.0
008 - FIXED-LENGTH DATA ELEMENTS--GENERAL INFORMATION
fixed length control field 130206t xxu||||| |||| 00| 0 eng d
020 ## - INTERNATIONAL STANDARD BOOK NUMBER
International Standard Book Number 9789715848633
022 ## - INTERNATIONAL STANDARD SERIAL NUMBER
International Standard Serial Number 9789715848633
050 ## - LIBRARY OF CONGRESS CALL NUMBER
Classification number HF 5415
Item number .D621 2009
100 ## - MAIN ENTRY--PERSONAL NAME
Personal name Diola, Zenaida S.
245 ## - TITLE STATEMENT
Title Marketing a simplified approach :
Statement of responsibility, etc Zenaida S. Diola
Remainder of title text and cases /
260 ## - PUBLICATION, DISTRIBUTION, ETC. (IMPRINT)
Place of publication, distribution, etc Manila :
Name of publisher, distributor, etc C & E Publishing,
Date of publication, distribution, etc 2009.
300 ## - PHYSICAL DESCRIPTION
Extent 196 p. :
Dimensions 22 cm.
Other physical details ill. ;
521 ## - TARGET AUDIENCE NOTE
Target audience note
650 ## - SUBJECT ADDED ENTRY--TOPICAL TERM
Topical term or geographic name as entry element Marketing
Form subdivision text and cases.
650 ## - SUBJECT ADDED ENTRY--TOPICAL TERM
Topical term or geographic name as entry element Marketing.
942 ## - ADDED ENTRY ELEMENTS (KOHA)
Source of classification or shelving scheme Library of Congress Classification
Koha item type Books
Call number prefix Local
Holdings
Withdrawn status Lost status Source of classification or shelving scheme Damaged status Home library Current library Shelving location Date acquired Total Checkouts Full call number Barcode Date last seen Copy number Price effective from Koha item type Source of acquisition
    Library of Congress Classification   Archives Archives   12/06/2013   HF 5415 .D621 2009 C10617 05/15/2018 2 12/06/2013 Books Donation
    Library of Congress Classification   College Library College Library General Circulation Section 12/06/2013   HF 5415 .D621 2009 C10725 05/15/2018 1 12/06/2013 Books  
    Library of Congress Classification   College Library College Library General Circulation Section 12/06/2013   HF 5415 .D621 2009 C10618 05/15/2018 3 12/06/2013 Books  
    Library of Congress Classification   College Library College Library General Circulation Section 12/06/2013   HF 5415 .D621 2009 C10724 05/15/2018 4 12/06/2013 Books  

Marketing a simplified approach :

APA

Diola Z. S., . (2009). Marketing a simplified approach. Manila: C & E Publishing.

Chicago

Diola Zenaida S, . 2009. Marketing a simplified approach. Manila: C & E Publishing.

Harvard

Diola Z. S., . (2009). Marketing a simplified approach. Manila: C & E Publishing.

MLA

Diola Zenaida S, . Marketing a simplified approach. Manila: C & E Publishing. 2009.

  • Place hold
  • Print
  • Cite
  • Add to your cart (remove)
  • Save record
    BIBTEX Dublin Core MARCXML MARC (non-Unicode/MARC-8) MARC (Unicode/UTF-8) MARC (Unicode/UTF-8, Standard) MODS (XML) RIS
  • More searches
    Search for this title in:
    Other Libraries (WorldCat) Other Databases (Google Scholar) Online Stores (Bookfinder.com) Open Library (openlibrary.org)

Exporting to Dublin Core...

SOUTHVILLE LIBRARY

Southville International School and Colleges Library

1281 Tropical Ave. Cor. Luxembourg St., BF Homes International, Las Pinas City

Tel. No. 8256374 / 252358 Loc. 117/146

Powered by Koha